000 01022nam a2200253Ia 4500
999 _c4759
_d4759
003 OSt
005 20200610164211.0
008 191128t2012 yo ad fr 000 0dspa d
020 _a9783659039355
040 _aCO-JMCR
_cCO-JMCR
041 0 _aspa
082 0 4 _a330.0151 /
_bM291e
_223
100 1 _aMeza Carvajalino, Carlos Arturo,
_eautor
_95411
245 1 0 _aEconometría de series de tiempo :
_belementos y fundamentos, un enfoque "paso a paso" /
_cCarlos Arturo Meza Carvajalino
260 _aSaarbrücken :
_bAcadémica Española,
_c©2012
300 _a151 páginas :
_bgráficos a blanco y negro ;
_c22 cm.
500 _aIncluye datos biográficos del auor.
505 0 _aModelos de series de tiempo univariadas -- Modelos con series volátiles -- Modelos dinámicos de series de tiempo autorregresivo y rezagos distribuidos
650 1 4 _aEconometría
_95412
650 1 4 _aEconomía matemática
_95197
650 1 4 _aEstadística
_95413
650 1 4 _aPronóstico de la economía
_92574
942 _2ddc
_cBK